Match the Pro Sports Team Names #1 - Statistics

General Stats
  • This quiz has been taken 66 times
  • The average score is 18 of 20
Answer Stats
Hint Answer % Correct
Dolphins Miami
96%
Vikings Minnesota
96%
Magic Orlando
96%
Maple Leafs Toronto
96%
Canadiens Montreal
95%
49ers San Francisco
95%
Bengals Cincinnati
93%
Avalanche Colorado
93%
Phillies Philadelphia
93%
Suns Phoenix
93%
Spurs San Antonio
93%
Browns Cleveland
91%
Astros Houston
91%
Pacers Indiana
91%
Titans Tennessee
91%
Blackhawks Chicago
89%
Lightning Tampa Bay
89%
Brewers Milwaukee
87%
Royals Kansas City
85%
Red Wings Detroit
82%
No matching quizzes found
Score Distribution
Percent of People with Each Score
Percentile by Number Answered
Your Score History
You have not taken this quiz